| 000 | 00842cab a2200241 4500 | ||
|---|---|---|---|
| 001 | ABS54549 | ||
| 008 | 090401t1996 xxu||||| |||| 00| 0 eng d | ||
| 035 | _a(Sirsi) u11059 | ||
| 041 | _aeng | ||
| 100 | _aStephens, M. | ||
| 245 | _aInstitutional responses to the UK housing market recession | ||
| 260 | _c1996 | ||
| 350 | _a0 | ||
| 490 |
_aUrban Studies _v33(2) 1996, 337-351(15) |
||
| 520 | _aExamines the responses of the major institutions to the housing market recession, covering the period up to the autumn of 1995. Institutions examined are lenders, insurance companies and government. Identifies 15 impacts resulting from their behaviour. | ||
| 650 | _aFINANCIAL INSTITUTIONS | ||
| 650 | _aHOUSING MARKET | ||
| 650 | _aPROPERTY CYCLES | ||
| 650 | _aRECESSION | ||
| 690 | _aHOUSING | ||
| 942 | _n0 | ||
| 948 | _c04/03/1997 | ||
| 999 |
_c7051 _d7051 |
||